Eras Tour Setlist (TTPD - Europe update) - Statistiques

Statistiques générales
  • Ce quiz a été pris 19 fois
  • Le résultat moyen est 40 sur 44
Statistiques - réponses
Réponse % Correct
22
100%
Cruel Summer
100%
Delicate
100%
Don’t Blame Me
100%
Down Bad
100%
Enchanted
100%
Fearless
100%
Lover
100%
Love Story
100%
The Smallest Man Who Ever Lived
100%
All Too Well (10 minute version)
92%
august
92%
Bad Blood
92%
betty
92%
Blank Space
92%
cardigan
92%
Fortnight
92%
illicit affairs
92%
Marjorie
92%
Miss Americana and the Heartbreak Prince
92%
my tears ricochet
92%
… Ready For It?
92%
Shake It Off
92%
So High School
92%
Style
92%
The Man
92%
Who’s Afraid of Little Old Me?
92%
willow
92%
You Belong With Me
92%
Bejewelled
83%
But Daddy I Love Him
83%
champagne problems
83%
I Can Do It With A Broken Heart
83%
I Knew You Were Trouble
83%
Karma
83%
Lavender Haze
83%
Look What You Made Me Do
83%
Midnight Rain
83%
We Are Never Ever Getting Back Together
83%
Wildest Dreams
83%
You Need to Calm Down
83%
Anti-Hero
75%
Mastermind
75%
Vigilante Shit
75%
Aucun quiz correspondant
Distribution des résultats
% des personnes avec chaque résultat
Percentile par nombre de réponses
Votre historique - résultats
Vous n’avez pas pris ce quiz